[Event "TCh-FRA Top 12 2016"]
[Site "Drancy FRA"]
[Date "2016.06.06"]
[Round "10.4"]
[Board "4"]
[White "Cossin, Sebastien"]
[Black "Ipatov, Alexander"]
[Result "0-1"]
[WhiteTitle "IM"]
[BlackTitle "GM"]
[WhiteElo "2514"]
[BlackElo "2648"]
[WhiteTeam "L'Echiquier Chalonnais, CHALONS-EN-CHAMPAGNE"]
[BlackTeam "C.E. de BOIS COLOMBES"]
[WhiteFideId "618802"]
[BlackFideId "14116731"]
[EventDate "2016.05.28"]

1. d4 Nf6 2. c4 g6 3. Nc3 d5 4. Bg5 Ne4 5. Bh4 Nxc3 6. bxc3 dxc4 7. e3 Be6 8.
Be2 Nd7 9. d5 Bf5 10. Bxc4 Bg7 11. Ne2 Nb6 12. Bb3 Be4 13. c4 Bxg2 14. Rg1 Bf3
15. Rg3 Bxe2 16. Kxe2 Nd7 17. Rb1 O-O 18. Bg5 f6 19. Bf4 g5 20. Qd4 Rf7 21. c5
gxf4 22. exf4 Kh8 23. Rbg1 Nf8 24. f5 e6 25. fxe6 Nxe6 26. Qb4 Ng5 27. d6 cxd6
28. Bxf7 Qe7+ 29. Re3 Qxf7 30. cxd6 Qxa2+ 31. Kf1 Qa6+ 32. Kg2 Qc6+ 33. f3 Rd8
34. Rd1 Bf8 35. Rc3 Qd7 36. Qf4 Qh3+ 37. Kf2 Qe6 38. Qa4 Rxd6 39. Rxd6 Qxd6 40.
Qe8 Kg7 41. Rc8 Qd2+ 42. Kf1 Qd1+ 43. Kf2 Qxf3+ 44. Ke1 Bb4+ 0-1

[Event "TCh-FRA Top 12 2016"]
[Site "Drancy FRA"]
[Date "2016.06.06"]
[Round "10.4"]
[Board "5"]
[White "Cornette, Matthieu"]
[Black "Letreguilly, Olivier"]
[Result "1-0"]
[WhiteTitle "GM"]
[BlackTitle "FM"]
[WhiteElo "2579"]
[BlackElo "2306"]
[WhiteTeam "C.E. de BOIS COLOMBES"]
[BlackTeam "L'Echiquier Chalonnais, CHALONS-EN-CHAMPAGNE"]
[WhiteFideId "620084"]
[BlackFideId "600997"]
[EventDate "2016.05.28"]

1. e4 c5 2. Nf3 e6 3. d4 cxd4 4. Nxd4 Nc6 5. Nc3 Qc7 6. Be3 a6 7. Qf3 Bb4 8.
Nxc6 Qxc6 9. Bd4 Nf6 10. Bd3 Be7 11. Qg3 d6 12. e5 dxe5 13. Bxe5 Bd7 14. O-O-O
Qc5 15. Ne4 Nxe4 16. Bxe4 O-O-O 17. Rd3 1-0

[Event "TCh-FRA Top 12 2016"]
[Site "Drancy FRA"]
[Date "2016.06.06"]
[Round "10.4"]
[Board "6"]
[White "Favarel, Antoine"]
[Black "Bauer, Christian"]
[Result "0-1"]
[WhiteTitle "FM"]
[BlackTitle "GM"]
[WhiteElo "2348"]
[BlackElo "2634"]
[WhiteTeam "L'Echiquier Chalonnais, CHALONS-EN-CHAMPAGNE"]
[BlackTeam "C.E. de BOIS COLOMBES"]
[WhiteFideId "642371"]
[BlackFideId "603767"]
[EventDate "2016.05.28"]

1. d4 Nf6 2. c4 g6 3. g3 c5 4. Nf3 cxd4 5. Nxd4 Qc7 6. Nc3 Bg7 7. Ncb5 Qb6 8.
Bg2 a6 9. Nc3 Nc6 10. Nb3 d6 11. O-O O-O 12. Bg5 Be6 13. Nd5 Bxd5 14. cxd5 Ne5
15. Be3 Qb5 16. Bd4 Rfc8 17. a4 Qc4 18. f4 Ned7 19. e4 h5 20. h3 Ne8 21. Rf3 Qb4
22. Kh2 Rc4 23. Rd3 Rac8 24. Bxg7 Kxg7 25. Rd4 Nef6 26. Rxc4 Rxc4 27. Rc1 Qxa4
28. Rxc4 Qxc4 29. Qf3 Qc2 30. Nd4 Qxb2 31. Qe3 a5 32. Nf3 a4 33. e5 dxe5 34.
Nxe5 Nxe5 35. fxe5 Nxd5 36. Qe4 e6 0-1

[Event "TCh-FRA Top 12 2016"]
[Site "Drancy FRA"]
[Date "2016.06.06"]
[Round "10.4"]
[Board "7"]
[White "Vuilleumier, Alexandre"]
[Black "Anic, Darko"]
[Result "1/2-1/2"]
[WhiteTitle "IM"]
[BlackTitle "GM"]
[WhiteElo "2384"]
[BlackElo "2381"]
[WhiteTeam "C.E. de BOIS COLOMBES"]
[BlackTeam "L'Echiquier Chalonnais, CHALONS-EN-CHAMPAGNE"]
[WhiteFideId "1305662"]
[BlackFideId "602612"]
[EventDate "2016.05.28"]

1. e4 e5 2. Nf3 Nc6 3. Nc3 Nf6 4. Bb5 Bb4 5. O-O O-O 6. d3 d6 7. Ne2 Ne7 8. c3
Ba5 9. Ng3 c6 10. Ba4 Ng6 11. d4 h6 12. h3 Bc7 13. Bc2 Re8 14. Be3 d5 15. Nxe5
Nxe5 16. dxe5 Nxe4 17. Nxe4 1/2-1/2

[Event "TCh-FRA Top 12 2016"]
[Site "Drancy FRA"]
[Date "2016.06.06"]
[Round "10.4"]
[Board "8"]
[White "De Seroux, Camille"]
[Black "Congiu, Mathilde"]
[Result "0-1"]
[WhiteTitle "WFM"]
[BlackTitle "WIM"]
[WhiteElo "2085"]
[BlackElo "2267"]
[WhiteTeam "L'Echiquier Chalonnais, CHALONS-EN-CHAMPAGNE"]
[BlackTeam "C.E. de BOIS COLOMBES"]
[WhiteFideId "1305620"]
[BlackFideId "634581"]
[EventDate "2016.05.28"]

1. e4 c5 2. Nf3 d6 3. d4 cxd4 4. Nxd4 Nf6 5. Bd3 e5 6. Nb3 Be6 7. c4 a5 8. Be3
a4 9. N3d2 Ng4 10. Qe2 Be7 11. O-O Nc6 12. Nc3 Nxe3 13. fxe3 O-O 14. Rad1 Qa5
15. Ndb1 Nb4 16. Na3 Rfc8 17. Bb1 Qc5 18. Nd5 Bg5 19. Rde1 g6 20. Kh1 Bxd5 21.
exd5 Rf8 22. g3 Rac8 23. h4 Be7 24. h5 b5 25. hxg6 hxg6 26. Qg4 Kg7 27. Bf5 Rh8+
28. Kg2 Rcf8 29. e4 Nd3 30. Re2 bxc4 31. Rc2 Nxb2 32. Rxb2 Qxa3 33. Rbf2 Qe3 34.
Bd7 c3 35. Be8 Qh6 36. Rxf7+ Rxf7 37. Rxf7+ Kg8 38. Rf1 Qd2+ 39. Rf2 Rh2+ 40.
Kxh2 Qxf2+ 41. Kh3 c2 42. Qxg6+ Kf8 43. Qh6+ Kxe8 44. Kg4 Qf6 0-1

[Event "TCh-FRA Top 12 2016"]
[Site "Drancy FRA"]
[Date "2016.06.06"]
[Round "10.5"]
[Board "1"]
[White "Vachier-Lagrave, Maxime"]
[Black "Rodshtein, Maxim"]
[Result "1-0"]
[WhiteTitle "GM"]
[BlackTitle "GM"]
[WhiteElo "2788"]
[BlackElo "2689"]
[WhiteTeam "CLICHY Echecs 92"]
[BlackTeam "BISCHWILLER"]
[WhiteFideId "623539"]
[BlackFideId "2806851"]
[EventDate "2016.05.28"]

1. e4 c6 2. d4 d5 3. e5 Bf5 4. Nf3 e6 5. Be2 Ne7 6. O-O h6 7. Nbd2 Nd7 8. Nb3 g5
9. Ne1 Qc7 10. Nd3 Ng6 11. Bg4 Bxg4 12. Qxg4 c5 13. Nbxc5 Bxc5 14. dxc5 Nxc5 15.
Nxc5 Qxc5 16. Be3 Qc7 17. Rac1 O-O-O 18. Qd4 b6 19. c4 dxc4 20. Qe4 Kb8 21. f4
gxf4 22. Rxc4 Qb7 23. Bxf4 Qxe4 24. Rxe4 Rh7 25. g4 Nxf4 26. Rexf4 Rd7 27. Kf2
Kc7 28. Ke3 Rg7 29. h3 Kd8 30. Rd4 Rxd4 31. Kxd4 Ke7 32. Rc1 Kd7 33. Rg1 Rg5 34.
Ke4 Rg8 35. Rd1+ Ke7 36. Rc1 Kd7 37. Kf4 Rh8 38. h4 h5 39. Rc2 hxg4 40. Kxg4
Rg8+ 41. Kf4 Rg1 42. h5 Ke7 43. Rc7+ Kf8 44. Rxa7 Rf1+ 45. Ke4 Rh1 46. Rb7 Rh4+
47. Kf3 Rxh5 48. Rxb6 Rxe5 49. b4 Re1 50. a4 Ra1 51. a5 Ke7 52. a6 f5 53. b5 Kd7
54. Kf4 Ra4+ 55. Ke5 f4 56. Rb7+ Kc8 57. Rf7 Kb8 58. Kd6 e5 59. Kc6 1-0

[Event "TCh-FRA Top 12 2016"]
[Site "Drancy FRA"]
[Date "2016.06.06"]
[Round "10.5"]
[Board "2"]
[White "Edouard, Romain"]
[Black "Hammer, Jon Ludvig"]
[Result "1/2-1/2"]
[WhiteTitle "GM"]
[BlackTitle "GM"]
[WhiteElo "2641"]
[BlackElo "2689"]
[WhiteTeam "BISCHWILLER"]
[BlackTeam "CLICHY Echecs 92"]
[WhiteFideId "633429"]
[BlackFideId "1503707"]
[EventDate "2016.05.28"]

1. Nf3 d5 2. d4 Nf6 3. c4 e6 4. Nc3 Be7 5. Bf4 O-O 6. e3 c5 7. cxd5 Nxd5 8. Nxd5
Qxd5 9. a3 cxd4 10. Qxd4 Qxd4 11. Nxd4 Bf6 12. Bg3 Bxd4 13. exd4 Rd8 14. O-O-O
b6 15. Bh4 Rd6 16. Bg3 Rd8 17. Bh4 1/2-1/2

[Event "TCh-FRA Top 12 2016"]
[Site "Drancy FRA"]
[Date "2016.06.06"]
[Round "10.5"]
[Board "3"]
[White "Fressinet, Laurent"]
[Black "Bacrot, Etienne"]
[Result "1-0"]
[WhiteTitle "GM"]
[BlackTitle "GM"]
[WhiteElo "2692"]
[BlackElo "2702"]
[WhiteTeam "CLICHY Echecs 92"]
[BlackTeam "BISCHWILLER"]
[WhiteFideId "608742"]
[BlackFideId "605506"]
[EventDate "2016.05.28"]

1. e4 e5 2. Nf3 Nc6 3. Bb5 Nf6 4. d3 Bc5 5. c3 O-O 6. O-O d6 7. h3 Ne7 8. d4 Bb6
9. Bd3 Ng6 10. Re1 c6 11. a4 Re8 12. Qc2 Nh5 13. Bg5 f6 14. Be3 Nhf4 15. Bf1
exd4 16. Nxd4 d5 17. Nd2 Bc7 18. Rad1 Qd6 19. N4f3 Be6 20. exd5 Nxd5 21. Ne4 Qf8
22. Bc5 Qf7 23. c4 Nb6 24. Bd6 Bf5 25. Bxc7 Rxe4 26. Rxe4 Qxc7 27. Bd3 Bxe4 28.
Bxe4 Rd8 29. Rxd8+ Qxd8 30. a5 Nd7 31. a6 Qb6 32. axb7 Qxb7 33. c5 Qb5 34. Nd4
Qxc5 35. Nxc6 Kf8 36. Qd2 Ke8 37. b4 Qc4 38. Bxg6+ hxg6 39. Qd6 Qe4 40. Qc7 Qe1+
41. Kh2 Qd2 42. b5 1-0

[Event "TCh-FRA Top 12 2016"]
[Site "Drancy FRA"]
[Date "2016.06.06"]
[Round "10.5"]
[Board "4"]
[White "Naiditsch, Arkadij"]
[Black "Hamdouchi, Hicham"]
[Result "1-0"]
[WhiteTitle "GM"]
[BlackTitle "GM"]
[WhiteElo "2663"]
[BlackElo "2585"]
[WhiteTeam "BISCHWILLER"]
[BlackTeam "CLICHY Echecs 92"]
[WhiteFideId "4650891"]
[BlackFideId "9000011"]
[EventDate "2016.05.28"]

1. e4 c5 2. Nf3 e6 3. d4 cxd4 4. Nxd4 Nf6 5. Nc3 Nc6 6. Nxc6 bxc6 7. e5 Nd5 8.
Ne4 Qc7 9. f4 Qb6 10. Bd3 Nb4 11. Be2 Qd4 12. Nf2 Bc5 13. Rf1 Qxd1+ 14. Kxd1 f5
15. c4 a5 16. a3 Na6 17. Nd3 Bd4 18. Rf3 c5 19. Be3 Bb7 20. Bxd4 cxd4 21. Rg3
O-O 22. b4 Be4 23. b5 Bxd3 24. Rxd3 Nc5 25. Kc2 Nxd3 26. Kxd3 Kf7 27. Kxd4 Rg8
28. h4 g6 29. b6 h6 30. Bf3 Rab8 31. b7 g5 32. hxg5 hxg5 33. fxg5 Rxg5 34. Kc5 1-0

[Event "TCh-FRA Top 12 2016"]
[Site "Drancy FRA"]
[Date "2016.06.06"]
[Round "10.5"]
[Board "5"]
[White "Van Wely, Loek"]
[Black "Le Roux, Jean-Pierre"]
[Result "1-0"]
[WhiteTitle "GM"]
[BlackTitle "GM"]
[WhiteElo "2658"]
[BlackElo "2549"]
[WhiteTeam "CLICHY Echecs 92"]
[BlackTeam "BISCHWILLER"]
[WhiteFideId "1000268"]
[BlackFideId "609404"]
[EventDate "2016.05.28"]

1. Nf3 Nf6 2. c4 c5 3. Nc3 e6 4. g3 b6 5. Bg2 Bb7 6. O-O Be7 7. d4 cxd4 8. Qxd4
O-O 9. Rd1 Qc8 10. Bf4 Nc6 11. Qd2 Na5 12. b3 Bb4 13. Be5 Ne4 14. Qb2 Bxc3 15.
Bxc3 Nxc3 16. Qxc3 d5 17. Rac1 dxc4 18. b4 Nc6 19. Qxc4 Rd8 20. Ng5 h6 21. Nxf7
Rxd1+ 22. Rxd1 Kxf7 23. Rc1 Nd4 24. Qc7+ Qxc7 25. Rxc7+ Kf6 26. Bxb7 Rb8 27. Ba6
b5 28. e3 Nf3+ 29. Kg2 Ne5 30. a3 Nc4 31. a4 Nb6 32. Bxb5 Nd5 33. Rxa7 Nxb4 34.
Rc7 Nd5 35. Rc6 Nb4 36. Rc4 Nd3 37. f4 g5 38. Kf3 1-0

[Event "TCh-FRA Top 12 2016"]
[Site "Drancy FRA"]
[Date "2016.06.06"]
[Round "10.5"]
[Board "6"]
[White "Schlosser, Philipp"]
[Black "Tregubov, Pavel V."]
[Result "1/2-1/2"]
[WhiteTitle "GM"]
[BlackTitle "GM"]
[WhiteElo "2539"]
[BlackElo "2593"]
[WhiteTeam "BISCHWILLER"]
[BlackTeam "CLICHY Echecs 92"]
[WhiteFideId "4600169"]
[BlackFideId "4115341"]
[EventDate "2016.05.28"]

1. c4 e5 2. Nc3 Nf6 3. Nf3 Nc6 4. e4 d6 5. h3 g6 6. d4 exd4 7. Nxd4 Bg7 8. Be3
O-O 9. Bd3 Re8 10. O-O Ne5 11. Re1 Nxd3 12. Qxd3 Bd7 13. Rad1 a6 14. f3 Rb8 15.
b3 h6 16. Qd2 Kh7 17. Nc2 b5 18. c5 dxc5 19. Bxc5 Be6 20. Nd4 Qc8 21. Nce2 Qb7
22. Nf4 Rbd8 23. Qf2 Bc8 24. Nc2 Nd7 25. Bd4 Ne5 26. Kh1 c6 27. Ne2 c5 28. Bxe5
Rxd1 29. Rxd1 Rxe5 30. Ne3 Qc6 31. Rc1 1/2-1/2

[Event "TCh-FRA Top 12 2016"]
[Site "Drancy FRA"]
[Date "2016.06.06"]
[Round "10.5"]
[Board "7"]
[White "Tkachiev, Vladislav"]
[Black "Pelletier, Yannick"]
[Result "1/2-1/2"]
[WhiteTitle "GM"]
[BlackTitle "GM"]
[WhiteElo "2660"]
[BlackElo "2558"]
[WhiteTeam "CLICHY Echecs 92"]
[BlackTeam "BISCHWILLER"]
[WhiteFideId "618438"]
[BlackFideId "1301837"]
[EventDate "2016.05.28"]

1. Nf3 Nf6 2. g3 d5 3. Bg2 c6 4. c4 dxc4 5. O-O b5 6. d3 cxd3 7. Ne5 Bb7 8. Nxd3
e6 9. a4 b4 10. Qc2 Be7 11. Nd2 O-O 12. Nb3 Nbd7 13. Be3 Nd5 14. Bc5 Ba6 15.
Bxe7 Qxe7 16. Qxc6 Bxd3 17. exd3 Rac8 18. Qb5 Rb8 19. Qa5 Ne5 20. Rad1 Rfd8 21.
Rfe1 Qf6 22. Qxa7 Nc6 23. Qa6 Nd4 24. Nxd4 Qxd4 25. Rb1 b3 26. Re4 Qf6 27. Qa5
Qe7 28. Rc4 Nb4 29. d4 Nc2 30. Qe5 Rb4 31. Rc7 Qf6 32. a5 Nxd4 33. Qxf6 Ra4 34.
a6 gxf6 35. Bf1 Rd6 36. Kg2 Kg7 37. Rd1 Ra2 38. Rd2 f5 39. Bc4 Kf6 40. Rb7 Nb5
41. Re2 Nd4 42. Rd2 Nb5 43. Re2 Nd4 1/2-1/2

[Event "TCh-FRA Top 12 2016"]
[Site "Drancy FRA"]
[Date "2016.06.06"]
[Round "10.5"]
[Board "8"]
[White "Maisuradze, Nino"]
[Black "Skripchenko, Almira"]
[Result "0-1"]
[WhiteTitle "WGM"]
[BlackTitle "IM"]
[WhiteElo "2239"]
[BlackElo "2453"]
[WhiteTeam "BISCHWILLER"]
[BlackTeam "CLICHY Echecs 92"]
[WhiteFideId "13601717"]
[BlackFideId "13900145"]
[EventDate "2016.05.28"]

1. d4 d6 2. e4 Nf6 3. Nc3 e5 4. dxe5 dxe5 5. Qxd8+ Kxd8 6. Bg5 Be6 7. O-O-O+ Nd7
8. f3 c6 9. g3 Bb4 10. Bd2 Ne8 11. Kb1 a5 12. Bh3 Bxh3 13. Nxh3 b5 14. Nf2 f6
15. Nd3 Bd6 16. Be3 Ke7 17. Rd2 Nc7 18. Rhd1 Rhd8 19. Nc1 Bb4 20. Rd3 Ne6 21.
N1e2 Bc5 22. Nc1 Bd4 23. Bxd4 exd4 24. N3e2 Ne5 25. Nxd4 Nxd4 26. Rxd4 Rxd4 27.
Rxd4 Nxf3 28. Rd1 Nxh2 29. Rh1 Nf3 30. Rxh7 Kf7 31. Nb3 a4 32. Nc5 Re8 33. Rh1
Nd2+ 34. Kc1 Nxe4 35. Nxe4 Rxe4 36. Kd2 Ke6 37. Rf1 Ke5 38. c3 c5 39. Rf3 c4 40.
Rf1 f5 41. b3 axb3 42. axb3 Kf6 43. bxc4 bxc4 44. Ra1 Kg5 45. Ra6 g6 46. Rd6 Kh5
47. Rf6 Kg5 48. Rd6 Rg4 49. Rc6 Rxg3 50. Rxc4 f4 51. Ke2 Kg4 52. Kf2 g5 53. Rc5
Rh3 54. Kg2 f3+ 55. Kg1 Kf4 56. Rd5 g4 57. Rd2 g3 58. Rd4+ Ke3 59. Rd1 Ke2 0-1

[Event "TCh-FRA Top 12 2016"]
[Site "Drancy FRA"]
[Date "2016.06.06"]
[Round "10.6"]
[Board "1"]
[White "Kogan, Arthur"]
[Black "Gharamian, Tigran"]
[Result "0-1"]
[WhiteTitle "GM"]
[BlackTitle "GM"]
[WhiteElo "2528"]
[BlackElo "2627"]
[WhiteTeam "Cavalier Bleu DRANCY"]
[BlackTeam "NICE Alekhine"]
[WhiteFideId "2800802"]
[BlackFideId "13301527"]
[EventDate "2016.05.28"]

1. e4 c5 2. Nf3 d6 3. d4 cxd4 4. Qxd4 a6 5. Be2 Nc6 6. Qe3 g6 7. O-O Bg7 8. h3
Nf6 9. Rd1 O-O 10. c4 Qa5 11. Nc3 Nd7 12. Nd5 e6 13. Nc3 Nde5 14. Ne1 Rd8 15.
Nc2 Nb4 16. Nxb4 Qxb4 17. a3 Qa5 18. Bd2 Qc7 19. Na4 Rb8 20. Rac1 b6 21. b4 Bd7
22. Qb3 Qb7 23. Nc3 Bc6 24. Bg5 Rd7 25. Nd5 h6 26. Nf6+ Kh8 27. Nxd7 Qxd7 28. b5
hxg5 29. bxc6 Qxc6 30. Qe3 Bf6 31. h4 gxh4 32. f4 Nd7 33. Qd3 Nc5 34. Qxd6 Qxd6
35. Rxd6 Nxe4 36. Rd7 Kg7 37. Rc2 Nc5 38. Rd6 Be7 39. Rc6 Nb3 40. Rc7 Bxa3 41.
Bg4 Kf6 42. Rc3 Bc5+ 43. Kf1 Nd4 44. Rd3 a5 45. Bd1 Rf8 46. Rd7 Nf5 47. Ke2 Rg8
48. Rd8 Rxd8 49. Rxd8 Ne3 50. Kf3 Ke7 51. Rd3 Nxc4 52. Ba4 Nd6 53. Bc6 f5 54.
Rd1 Kf6 55. Re1 Bd4 56. Bd7 e5 57. fxe5+ Bxe5 58. Rb1 Bd4 59. Re1 Ne4 60. Bc6
Ng5+ 61. Ke2 Bc5 62. Kd3 h3 63. gxh3 Nxh3 64. Rf1 Ng5 65. Kc4 Nf7 66. Kd5 Ne5
67. Be8 Ng4 68. Rh1 g5 69. Kc6 a4 70. Rh7 a3 71. Rf7+ Ke6 72. Rh7 Ne5+ 73. Kb5
g4 74. Rh1 Kf6 75. Rh6+ Ke7 76. Bh5 g3 77. Rh8 g2 78. Re8+ Kf6 79. Rg8 g1=Q 80.
Rg6+ 0-1

[Event "TCh-FRA Top 12 2016"]
[Site "Drancy FRA"]
[Date "2016.06.06"]
[Round "10.6"]
[Board "2"]
[White "Wagner, Dennis"]
[Black "Komarov, Dimitri"]
[Result "1-0"]
[WhiteTitle "GM"]
[BlackTitle "GM"]
[WhiteElo "2571"]
[BlackElo "2506"]
[WhiteTeam "NICE Alekhine"]
[BlackTeam "Cavalier Bleu DRANCY"]
[WhiteFideId "24650684"]
[BlackFideId "14101270"]
[EventDate "2016.05.28"]

1. d4 Nf6 2. c4 e6 3. Nc3 Bb4 4. f3 d5 5. a3 Bxc3+ 6. bxc3 O-O 7. cxd5 exd5 8.
e3 Bf5 9. Ne2 h6 10. g4 Bh7 11. h4 Nfd7 12. Nf4 Nb6 13. g5 hxg5 14. hxg5 Qxg5
15. Bd3 Bxd3 16. Qxd3 Re8 17. Qh7+ Kf8 18. Kf2 Qf6 19. a4 Rd8 20. Ba3+ Ke8 21.
Rag1 Nc4 22. Nh5 Qa6 23. Rxg7 Qe6 24. Qg8+ Kd7 25. Rxf7+ Kc8 26. Rxc7+ Kxc7 27.
Qxe6 Nc6 28. Nf6 Nxa3 29. Nxd5+ Kb8 30. Rh8 1-0

[Event "TCh-FRA Top 12 2016"]
[Site "Drancy FRA"]
[Date "2016.06.06"]
[Round "10.6"]
[Board "3"]
[White "Bijaoui, Manuel"]
[Black "Stevic, Hrvoje"]
[Result "0-1"]
[WhiteTitle "IM"]
[BlackTitle "GM"]
[WhiteElo "2406"]
[BlackElo "2607"]
[WhiteTeam "Cavalier Bleu DRANCY"]
[BlackTeam "NICE Alekhine"]
[WhiteFideId "626783"]
[BlackFideId "14502569"]
[EventDate "2016.05.28"]

1. e4 e5 2. Nf3 Nc6 3. Bb5 a6 4. Ba4 d6 5. c3 Bd7 6. d4 g6 7. O-O Bg7 8. Be3 Nf6
9. Nbd2 O-O 10. Re1 Re8 11. Bb3 h6 12. dxe5 dxe5 13. a4 Qe7 14. Qc2 Ng4 15. Nf1
Nxe3 16. Nxe3 Rac8 17. Rad1 Nb8 18. Rd3 Red8 19. Red1 Be8 20. Nd5 Qc5 21. Qd2
Rd7 22. Nxe5 Bxe5 23. Qxh6 c6 24. Qg5 cxd5 25. Qxe5 dxe4 26. Qxe4 Qf5 27. Qxf5
gxf5 28. Rxd7 Bxd7 29. f4 Be6 30. Bxe6 fxe6 31. Rd6 Kf7 32. Kf2 Ke7 33. Rb6 Rc7
34. h4 Nd7 35. Rb4 a5 36. Rd4 Nb6 37. h5 Rc4 38. Rxc4 Nxc4 39. b4 b6 40. Ke2 Nb2
41. Ke3 Nxa4 42. Kd4 Kf6 0-1

[Event "TCh-FRA Top 12 2016"]
[Site "Drancy FRA"]
[Date "2016.06.06"]
[Round "10.6"]
[Board "4"]
[White "Palac, Mladen"]
[Black "Petkov, Vladimir"]
[Result "1-0"]
[WhiteTitle "GM"]
[BlackTitle "GM"]
[WhiteElo "2577"]
[BlackElo "2493"]
[WhiteTeam "NICE Alekhine"]
[BlackTeam "Cavalier Bleu DRANCY"]
[WhiteFideId "14500116"]
[BlackFideId "2901188"]
[EventDate "2016.05.28"]

1. e4 e5 2. Nf3 Nc6 3. Bb5 Nf6 4. d3 Bc5 5. c3 O-O 6. O-O d6 7. h3 h6 8. Re1 Bd7
9. Ba4 a6 10. Nbd2 Ba7 11. Nf1 Ne7 12. Bc2 Ng6 13. Ng3 Re8 14. d4 c5 15. Be3
cxd4 16. cxd4 Bc6 17. Qd2 exd4 18. Bxd4 Bb6 19. Rad1 Ne5 20. Qe3 Nxf3+ 21. Qxf3
Bxd4 22. Rxd4 Qa5 23. Red1 Qxa2 24. Qc3 Qe6 25. Nf5 Qe5 26. Nxd6 Rf8 27. Qe3 Nh5
28. Bb3 g5 29. Nf5 Kh7 30. Rd6 f6 31. Rxc6 bxc6 32. Rd7+ Kh8 33. Ne7 Nf4 34.
Qxf4 Qxe7 35. Qf5 Rae8 36. Rxe7 Rxe7 37. e5 Rb7 38. Bc4 1-0

[Event "TCh-FRA Top 12 2016"]
[Site "Drancy FRA"]
[Date "2016.06.06"]
[Round "10.6"]
[Board "5"]
[White "Chabanon, Jean-Luc"]
[Black "Rambaldi, Francesco"]
[Result "0-1"]
[WhiteTitle "GM"]
[BlackTitle "GM"]
[WhiteElo "2452"]
[BlackElo "2554"]
[WhiteTeam "Cavalier Bleu DRANCY"]
[BlackTeam "NICE Alekhine"]
[WhiteFideId "600075"]
[BlackFideId "20657307"]
[EventDate "2016.05.28"]

1. d4 Nf6 2. Nf3 g6 3. Bf4 Bg7 4. e3 c5 5. c3 cxd4 6. cxd4 d6 7. Nc3 O-O 8. h3
a6 9. e4 b5 10. e5 dxe5 11. dxe5 Nfd7 12. Qd5 Nb6 13. Qxd8 Rxd8 14. a4 b4 15.
Ne4 Bb7 16. Nc5 Bxf3 17. gxf3 N8d7 18. Nd3 a5 19. Be2 Nc4 20. O-O-O Rac8 21. Kb1
Ndb6 22. Nc1 Bxe5 23. Bxe5 Nxe5 24. Bb5 Nxf3 25. Nb3 e5 26. Rxd8+ Rxd8 27. Nxa5
Nd2+ 28. Kc2 Ne4 29. Nc6 Rd2+ 30. Kb3 Nd7 31. Nxb4 Ndc5+ 32. Ka3 Rxf2 33. a5 Nd6
34. Bf1 Rf3+ 35. Ka2 Rf4 36. Nd5 Ra4+ 37. Kb1 Nb3 38. a6 Nd2+ 39. Kc2 Nxf1 40.
Rxf1 Rxa6 41. Rf6 e4 42. b4 Kg7 43. b5 Ra2+ 44. Kb3 e3 45. Rf1 Rf2 46. Nxe3 Re2
47. Rh1 0-1

[Event "TCh-FRA Top 12 2016"]
[Site "Drancy FRA"]
[Date "2016.06.06"]
[Round "10.6"]
[Board "6"]
[White "Babault, Patrice"]
[Black "Todorov, Todor"]
[Result "0-1"]
[WhiteTitle "FM"]
[BlackTitle "GM"]
[WhiteElo "2412"]
[BlackElo "2494"]
[WhiteTeam "NICE Alekhine"]
[BlackTeam "Cavalier Bleu DRANCY"]
[WhiteFideId "623822"]
[BlackFideId "2903237"]
[EventDate "2016.05.28"]

1. e4 d5 2. exd5 Qxd5 3. Nc3 Qa5 4. d4 Nf6 5. Bd2 c6 6. Bd3 Qb6 7. Nge2 Bg4 8.
f3 Bh5 9. Be3 Bg6 10. O-O e6 11. Qd2 Bxd3 12. Qxd3 Qa6 13. Qd2 Nbd7 14. Ne4 Be7
15. Nf4 O-O 16. Nd3 Rfd8 17. Qf2 b6 18. Qg3 Qc4 19. Rf2 Qd5 20. Raf1 Qf5 21. h3
Qg6 22. Nxf6+ Nxf6 23. Qh2 Nd5 24. Ne5 Qf6 25. Ng4 Qf5 26. Bc1 Bd6 27. f4 c5 28.
Qg3 Qg6 29. Qb3 Ne7 30. dxc5 Bxc5 31. Be3 Bxe3 32. Nxe3 Nf5 33. Nxf5 Qxf5 34.
Kh2 Rd7 35. g4 Qc5 36. f5 e5 37. f6 g6 38. Qg3 Rad8 39. Re1 Rd2 40. Ree2 Rxe2
41. Rxe2 Re8 42. Qf3 e4 43. Qf4 g5 44. Qg3 Qd4 45. Qc3 Qd6+ 46. Kg2 h6 47. Rf2
e3 48. Re2 Qd5+ 49. Kg3 Qe4 50. Qd3 Qf4+ 51. Kg2 Re4 52. Qd5 Re8 53. Qf3 Qd4 54.
b3 Re6 55. c4 Qd3 56. Kg3 Qd1 57. Kg2 a5 58. Kh2 Re5 59. Kg2 Qd3 60. Kg3 Kh7 61.
h4 gxh4+ 62. Kxh4 Qd4 63. Kh3 Kg6 64. Kg2 Kg5 65. Kh3 Qf4 66. Qg3 Qf1+ 67. Rg2
Qxf6 0-1

[Event "TCh-FRA Top 12 2016"]
[Site "Drancy FRA"]
[Date "2016.06.06"]
[Round "10.6"]
[Board "7"]
[White "Karr, Jean-Philippe"]
[Black "Collas, Silvia"]
[Result "1/2-1/2"]
[WhiteTitle "IM"]
[BlackTitle "IM"]
[WhiteElo "2366"]
[BlackElo "2308"]
[WhiteTeam "Cavalier Bleu DRANCY"]
[BlackTeam "NICE Alekhine"]
[WhiteFideId "612227"]
[BlackFideId "2902265"]
[EventDate "2016.05.28"]

1. d4 Nf6 2. c4 e6 3. Nc3 Bb4 4. Qc2 O-O 5. Nf3 d6 6. g3 Nc6 7. Bd2 a5 8. Bg2 e5
9. d5 Ne7 10. e4 Nd7 11. O-O Nc5 12. Na4 Bd7 13. Nxc5 Bxc5 14. Ne1 f5 15. Nd3
Bd4 16. Bc3 fxe4 17. Bxe4 Bf5 18. Qe2 Bxc3 19. bxc3 Qe8 20. f3 b6 21. Rae1 Qa4
22. Nf2 Ng6 23. Bxf5 Rxf5 24. Ne4 Raf8 25. Kg2 1/2-1/2

[Event "TCh-FRA Top 12 2016"]
[Site "Drancy FRA"]
[Date "2016.06.06"]
[Round "10.6"]
[Board "8"]
[White "Djalal, Boris"]
[Black "Roumegous, Marina"]
[Result "1-0"]
[BlackTitle "WIM"]
[WhiteElo "2224"]
[BlackElo "2117"]
[WhiteTeam "NICE Alekhine"]
[BlackTeam "Cavalier Bleu DRANCY"]
[WhiteFideId "623644"]
[BlackFideId "620416"]
[EventDate "2016.05.28"]

1. c4 b6 2. e4 c5 3. Nf3 Bb7 4. Nc3 d6 5. d4 cxd4 6. Nxd4 Nf6 7. f3 e6 8. Be3
Be7 9. Be2 a6 10. O-O Nbd7 11. Qd2 O-O 12. Rfd1 Qc7 13. Rac1 Rac8 14. Bf1 Qb8
15. Qf2 Bd8 16. Kh1 Re8 17. Qg1 Bc7 18. Bf2 Rcd8 19. b4 d5 20. cxd5 exd5 21.
Nxd5 Nxd5 22. exd5 Bxd5 23. Bxa6 Bf4 24. Rc3 Qa8 25. Qf1 Bd6 26. a3 Ne5 27. Bb5
Rf8 28. Nf5 Nxf3 29. Rxd5 Qxd5 30. Rxf3 g6 31. Bc4 Qb7 32. Bd4 h5 33. Nh6+ Kh7
34. Nxf7 Qe7 35. Nxd8 Rxf3 36. Qxf3 1-0